000 00619nam a2200241Ia 4500
003 OSt
005 20221007062557.0
006 a|||||r|||| 00| 0
007 ta
008 221006b |||||||| |||| 00| 0 eng d
024 _a24,441
037 _cTextual
040 _aFLL
_cFLL
_beng
041 _2eng
_aeng
082 _aZ2,5, M7
100 _aMoitra A.C.
_9682967
245 0 _aLaw of private defence
250 _a5th
260 _aAllahabad
_bThe University Book Agency India
_c1987
300 _axxxi,1-416p
_ccm.
942 _hZ2,5, M7
_cTEXL
_2CC
999 _c1129000
_d1129000